Villes et communes de Wallonie - Statistiques

Statistiques générales
  • Ce quiz a été pris 1 852 fois
  • Le résultat moyen est 85 sur 262
Réponses sur la Carte
Les réponses sont colorées sur une échelle allant du rouge au vert en fonction du pourcentage des utilisateurs qui les ont devinées à leur premier essai. Vous pouvez retrouver ces pourcentages ci-dessous.
 
Statistiques - réponses
Commune % Correct
Liège
92%
Namur
91%
Charleroi
86%
Mons
86%
Arlon
84%
Tournai
77%
Dinant
74%
Wavre
72%
Eupen
71%
Bastogne
70%
Ottignies-Louvain-la-Neuve
68%
Huy
66%
La Louvière
65%
Waterloo
65%
Chimay
64%
Nivelles
64%
Mouscron
63%
Ath
62%
Spa
61%
Verviers
61%
Virton
60%
Seraing
59%
Malmedy
58%
Marche-en-Famenne
58%
Binche
56%
Braine-l'Alleud
56%
Philippeville
56%
Bouillon
55%
Couvin
55%
Gembloux
55%
Rochefort
55%
Andenne
53%
Braine-le-Comte
53%
Durbuy
52%
Ciney
51%
Sambreville
51%
Tubize
50%
Soignies
49%
Ans
46%
Châtelet
46%
Herstal
45%
Fleurus
44%
Saint-Vith
44%
Thuin
44%
Enghien
43%
Stavelot
43%
Waremme
43%
Beauraing
42%
Courcelles
42%
Neufchâteau
42%
Comines-Warneton
41%
Dour
41%
Jodoigne
41%
Éghezée
40%
Hannut
40%
Péruwelz
40%
Saint-Hubert
40%
La Roche-en-Ardenne
39%
Libramont-Chevigny
39%
Visé
39%
Beaumont
38%
Florenville
38%
Yvoir
38%
Bertrix
37%
Braine-le-Château
37%
Rixensart
37%
Saint-Ghislain
37%
Villers-la-Ville
37%
Walcourt
37%
Floreffe
36%
Jurbise
36%
Aywaille
35%
Chaudfontaine
35%
Genappe
35%
Profondeville
35%
Herve
34%
Houffalize
34%
Jemeppe-sur-Sambre
34%
Lasne
34%
Perwez
34%
Quiévrain
34%
Erquelinnes
33%
Florennes
33%
Gerpinnes
33%
Lessines
33%
Saint-Nicolas
33%
Seneffe
33%
Viroinval
33%
Anderlues
32%
Brugelette
32%
Frameries
32%
La Hulpe
32%
Mettet
32%
Pont-à-Celles
32%
Rebecq
32%
Vielsalm
32%
Belœil
31%
Boussu
31%
Gedinne
31%
Ittre
31%
Lens
31%
Le Rœulx
31%
Leuze-en-Hainaut
31%
Manage
31%
Morlanwelz
31%
Anhée
30%
Antoing
30%
Cerfontaine
30%
Chaumont-Gistoux
30%
Écaussinnes
30%
Froidchapelle
30%
Hastière
30%
Momignies
30%
Mont-Saint-Guibert
30%
Quaregnon
30%
Sombreffe
30%
Vresse-sur-Semois
30%
Wellin
30%
Beauvechain
29%
Colfontaine
29%
Fernelmont
29%
Flémalle
29%
Fontaine-l'Évêque
29%
Gouvy
29%
Habay
29%
Léglise
29%
Martelange
29%
Trois-Ponts
29%
Amay
28%
Aubange
28%
Bièvre
28%
Celles
28%
Court-Saint-Étienne
28%
Grez-Doiceau
28%
La Bruyère
28%
Onhaye
28%
Sprimont
28%
Chastre
27%
Fosses-la-Ville
27%
Oupeye
27%
Quévy
27%
Theux
27%
Walhain
27%
Assesse
26%
Chapelle-lez-Herlaimont
26%
Doische
26%
Farciennes
26%
Grâce-Hollogne
26%
Hotton
26%
Houyet
26%
Incourt
26%
Lobbes
26%
Montigny-le-Tilleul
26%
Orp-Jauche
26%
Paliseul
26%
Pepinster
26%
Silly
26%
Bertogne
25%
Butgenbach
25%
Chiny
25%
Esneux
25%
Havelange
25%
La Calamine
25%
Limbourg
25%
Messancy
25%
Ohey
25%
Pecq
25%
Wanze
25%
Welkenraedt
25%
Amblève
24%
Bernissart
24%
Blegny
24%
Chièvres
24%
Estinnes
24%
Gesves
24%
Ham-sur-Heure-Nalinnes
24%
Hélécine
24%
Les Bons Villers
24%
Sivry-Rance
24%
Somme-Leuze
24%
Attert
23%
Estaimpuis
23%
Fléron
23%
Frasnes-lez-Anvaing
23%
Hamois
23%
Libin
23%
Meix-devant-Virton
23%
Merbes-le-Château
23%
Nassogne
23%
Ramillies
23%
Tellin
23%
Waimes
23%
Aubel
22%
Bullange
22%
Flobecq
22%
Hamoir
22%
Sainte-Ode
22%
Vaux-sur-Sûre
22%
Aiseau-Presles
21%
Brunehaut
21%
Clavier
21%
Dison
21%
Ellezelles
21%
Juprelle
21%
Mont-de-l'Enclus
21%
Nandrin
21%
Raeren
21%
Rumes
21%
Saint-Georges-sur-Meuse
21%
Saint-Léger
21%
Stoumont
21%
Trooz
21%
Verlaine
21%
Daverdisse
20%
Érezée
20%
Étalle
20%
Hensies
20%
Honnelles
20%
Jalhay
20%
Lierneux
20%
Manhay
20%
Modave
20%
Neupré
20%
Tintigny
20%
Awans
19%
Burdinne
19%
Comblain-au-Pont
19%
Geer
19%
Herbeumont
19%
Héron
19%
Lincent
19%
Plombières
19%
Remicourt
19%
Soumagne
19%
Bassenge
18%
Burg-Reuland
18%
Engis
18%
Fauvillers
18%
Fexhe-le-Haut-Clocher
18%
Marchin
18%
Musson
18%
Oreye
18%
Tenneville
18%
Villers-le-Bouillet
18%
Wasseiges
18%
Baelen
17%
Braives
17%
Crisnée
17%
Dalhem
17%
Ferrières
17%
Rouvroy
17%
Tinlot
17%
Anthisnes
16%
Beyne-Heusay
16%
Faimes
16%
Olne
16%
Ouffet
16%
Rendeux
16%
Thimister-Clermont
16%
Berloz
15%
Donceel
15%
Lontzen
14%
Aucun quiz correspondant
Distribution des résultats
% des personnes avec chaque résultat
Percentile par nombre de réponses
Votre historique - résultats
Vous n’avez pas pris ce quiz